000 00902nam a22002057a 4500
001 BD-DhSAU 8409
003 BD-DhSAU
005 20150612105811.0
008 150612b1986 ii a||||r|||| 001 0 eng d
040 _aBD-DhSAU
082 _222
_a---
_bমহাগ্র
100 _aমহাপাত্র, পীযূষকান্তি
245 _aগ্রন্থাগার বিজ্ঞান পরিচিতি /
_cপীযূষকান্তি মহাপাত্র এবং ভুবনেশ্বর চক্রবর্তী
260 _aকলিকাতা :
_bদি ওয়ার্ল্ড প্রেস,
_c১৯৮৬.
300 _axvii, ২৩২ প. :
_c২২ সেমি
590 _ajoy
650 _aগ্রন্থাগার বিজ্ঞান
700 _aচক্রবর্তী, ভুবনেশ্বর
942 _2ddc
_cBOOK
999 _c8409
_d8409